000 00508nam a22001457a 4500
005 20120411111734.0
020 _a8171547605
_c00.00
035 _aA-633477
037 _aDPL
_bENG
245 _aPeople of India :
_bGoa /
_ced. by K.S. Singh
260 _aBombay
_bAnthropological Survey of India
_c1993
300 _axxix, 275p.
_c20 cms.
942 _2ddc
_cEN
_h301
_mSIN
999 _c64843
_d64843